Energetika

Uložené v:
Podrobná bibliografia
Hlavný autor: Vošta, Jan
Ďalší autori: Matějka, Zdeněk, Macák, Ján
Médium: Kniha
Jazyk:Czech
Vydavateľské údaje: Praha Vydavatelství VŠCHT 1999
Predmet:
On-line prístup:View in OPAC
Tagy: Pridať tag
Žiadne tagy, Buďte prvý, kto otaguje tento záznam!

MARC

LEADER 00000nam a2200000 a 4500
005 20260127134055.0
008 061006 1999 xr 000 0 cze d
020 |a 8070803584 
035 |a vtls008852782 
039 9 |y 200610061049  |z mschk03 
040 |a STUSCHK1  |b slo  |c STUSCHK1  |e AACR2 
080 |a 621.1+621.4(075.8) 
080 |a 662.6/.9(075.8) 
080 |a 536.7(075.8) 
100 1 |a Vošta, Jan 
245 1 |a Energetika  |c Jan Vošta, Zdeněk Matějka, Jan Macák 
260 |a Praha  |b Vydavatelství VŠCHT  |c 1999 
300 |a 249 s.: il.; 28 cm 
500 |a vysokoškolská učebnica 
650 0 |a termodynamika 
650 0 |a tepelné motory 
650 0 |a tepelné hospodárstvo 
700 1 |a Matějka, Zdeněk 
700 1 |a Macák, Ján  |9 485 
910 |a SCHK95 
919 |a 80-7080-358-4 
999 |c 3456  |d 3456